00530nam a22001817a 450000500170000000800410001702000180005804000210007604100080009708200150010510000260012024500760014625000120022226000340023430000100026865000430027870000270032120230120100358.0220528b ||||| |||| 00| 0 eng d a9789385439681 aIN-DiNCcIN-DiNC dasm a320.5bGOH aGohain, Nabineauthor aRajnaitik tattwa:bdharona aru bitarkacby Nabin Gohain and Pankaj Bora a3rd ed. aJorhat:bBidya bhawan,c2022. a334p. aPolitical theory: concepts and debates aBorah, Pankaj eauthor